A roadmap for moving to a competitive low carbon economy in 2050 (Record no. 112075)

MARC details
000 -LEADER
fixed length control field 01201cad a22001935a 4500
001 - CONTROL NUMBER
control field L152497
008 - FIXED-LENGTH DATA ELEMENTS--GENERAL INFORMATION
fixed length control field 110318s2011 xxk f 000 0 eng d
035 ## - SYSTEM CONTROL NUMBER
System control number (Sirsi) u152497
041 0# - LANGUAGE CODE
Language code of text/sound track or separate title eng
110 2# - MAIN ENTRY--CORPORATE NAME
Corporate name or jurisdiction name as entry element European Commission
9 (RLIN) 2292
245 02 - TITLE STATEMENT
Title A roadmap for moving to a competitive low carbon economy in 2050
Medium [electronic resource]
260 ## - PUBLICATION, DISTRIBUTION, ETC.
Place of publication, distribution, etc. [S.l.]
Name of publisher, distributor, etc. EC
Date of publication, distribution, etc. 2011
520 ## - SUMMARY, ETC.
Summary, etc. Sets out the Commission's views on key elements that should shape the EU's climate actions helping the EU become a competitive low carbon economy by 2050. As part of the milestones to 2050 explains how the EU is preparing to reduce its domestic emissions by 80% by 2050 compared to 1990. Further outlines how the transition to a greener economy can be achieved in the most cost effective way and the types of policies the EU will need to adopt including the requirement for additional investment averaging 1.5% of EU GDP every year for the next 40 years.
590 ## - LOCAL NOTE (RLIN)
Local note KA NTK
651 #4 - SUBJECT ADDED ENTRY--GEOGRAPHIC NAME
Geographic name Europe
690 ## - LOCAL SUBJECT ADDED ENTRY--TOPICAL TERM (OCLC, RLIN)
Topical term or geographic name as entry element ENVIRONMENTAL AND LAND CONSULTANCY-ENERGY
856 40 - ELECTRONIC LOCATION AND ACCESS
Uniform Resource Identifier <a href="https://eur-lex.europa.eu/LexUriServ/LexUriServ.do?uri=COM:2011:0112:FIN:EN:PDF ">https://eur-lex.europa.eu/LexUriServ/LexUriServ.do?uri=COM:2011:0112:FIN:EN:PDF </a>
Public note View the item free of charge at http://europa.eu
942 ## - ADDED ENTRY ELEMENTS (KOHA)
Suppress in OPAC 0
Holdings
Withdrawn status Lost status Source of classification or shelving scheme Damaged status Not for loan Home library Current library Shelving location Date acquired Total Checkouts Full call number Barcode Date last seen Copy number Price effective from Koha item type
    Dewey Decimal Classification     Virtual Virtual Online 18/03/2011   ONLINE PUBLICATION 152497-2001 06/08/2019 1 06/08/2019 Book